History Quiz

Random History or Nominee Quiz

Losing US presidential nominees Quiz Stats

 Plays Quiz not verified by Sporcle

Score 0/55 Timer 08:00
0 Plays Today
Party Nominee % Correct
1812DeWitt Clinton
95.5%
2016Hillary Clinton
95.5%
2000Al Gore
93.2%
1960Richard Nixon
90.9%
1980Jimmy Carter
90.9%
1992George H. W. Bush
90.9%
1996Bob Dole
90.9%
2008John McCain
90.9%
1796Thomas Jefferson
88.6%
1800John Adams
88.6%
1828John Quincy Adams
88.6%
2004John Kerry
88.6%
2012Mitt Romney
88.6%
1976Gerald Ford
86.4%
1888Grover Cleveland
84.1%
1984Walter Mondale
84.1%
1988Michael Dukakis
81.8%
1912Theodore Roosevelt
79.5%
1944Thomas E. Dewey
79.5%
1948Thomas E. Dewey
79.5%
1824Andrew Jackson
77.3%
1932Herbert Hoover
77.3%
1964Barry Goldwater
77.3%
1952Adlai Stevenson
75%
1956Adlai Stevenson
75%
1836William H. Harrison
70.5%
1892Benjamin Harrison
70.5%
1972George McGovern
70.5%
Party Nominee % Correct
1928Al Smith
68.2%
1896William Jennings Bryan
63.6%
1900William Jennings Bryan
63.6%
1908William Jennings Bryan
63.6%
1968Hubert Humphrey
63.6%
1832Henry Clay
56.8%
1844Henry Clay
56.8%
1864George B. McClellan
45.5%
1936Alf Landon
45.5%
1940Wendell Wilkie
43.2%
1856John C. Fremont
40.9%
1860John C. Breckinridge
40.9%
1872Horace Greeley
36.4%
1924John W. Davis
36.4%
1884James G. Blaine
34.1%
1916Charles E. Hughes
34.1%
1804Charles C. Pinckney
31.8%
1808Charles C. Pinckney
31.8%
1840Martin Van Buren
31.8%
1920James M. Cox
29.5%
1848Lewis Cass
27.3%
1868Horatio Seymour
27.3%
1880Winfield Scott Hancock
22.7%
1852Winfield Scott
20.5%
1816Rufus King
18.2%
1876Samuel J.Tilden
15.9%
1904Alton B.Parker
15.9%

You're not logged in!

Compare scores with friends on all Sporcle quizzes.
OR
Log In

Sporcle TV

Today on Sporcle TV


Watch our educational content, quiz creation guides, and fun videos on Sporcle TV.

Show Comments

Extras

Created Aug 29, 2017ReportNominate
Tags:Nominee Quiz, Losing, Party

Top Quizzes Today


Score Distribution

Your Account Isn't Verified!

In order to create a playlist on Sporcle, you need to verify the email address you used during registration. Go to your Sporcle Settings to finish the process.

Report this User

Report this user for behavior that violates our Community Guidelines.

Details: